|
|
|
|
| LEADER |
00000n m0a2200000 4500 |
| 001 |
371970 |
| 005 |
20231102012431.0 |
| 035 |
|
|
|a (RuTPU)RU\TPU\retro\29384
|
| 035 |
|
|
|a RU\TPU\book\318539
|
| 090 |
|
|
|a 371970
|
| 100 |
|
|
|a 20221202d1979 m y0rusy5003 ca
|
| 101 |
0 |
|
|a rus
|
| 102 |
|
|
|a RU
|
| 105 |
|
|
|a y j 000zy
|
| 200 |
1 |
|
|a Научный коммунизм
|e учебник для вузов
|f П. Н. Федосеев, В. Г. Афанасьев, К. Н. Брутенц, [и др.]
|
| 205 |
|
|
|a 4-е изд.
|
| 210 |
|
|
|a Москва
|c Политиздат
|d 1979
|
| 215 |
|
|
|a 432 с.
|
| 300 |
|
|
|a Авт. указаны на обороте тит. л.
|
| 606 |
1 |
|
|a Научный коммунизм
|x Социальная философия
|2 stltpush
|3 (RuTPU)RU\TPU\subj\71681
|9 85472
|
| 610 |
1 |
|
|a учебники
|
| 610 |
1 |
|
|a марксизм-ленинизм
|
| 610 |
1 |
|
|a утопический социализм
|
| 610 |
1 |
|
|a мировой революционный процесс
|
| 610 |
1 |
|
|a мировая система
|
| 610 |
1 |
|
|a социализм
|
| 610 |
1 |
|
|a капитализм
|
| 610 |
1 |
|
|a кризис
|
| 610 |
1 |
|
|a революционное движение
|
| 610 |
1 |
|
|a национально-освободительное движение
|
| 610 |
1 |
|
|a войны
|
| 610 |
1 |
|
|a мир
|
| 610 |
1 |
|
|a коммунистическое движение
|
| 610 |
1 |
|
|a идеологическая борьба
|
| 610 |
1 |
|
|a общественные отношения
|
| 610 |
1 |
|
|a преобразование
|
| 610 |
1 |
|
|a социалистический образ жизни
|
| 610 |
1 |
|
|a переходный период
|
| 610 |
1 |
|
|a материально-техническая база
|
| 610 |
1 |
|
|a классовая структура
|
| 610 |
1 |
|
|a национальные отношения
|
| 610 |
1 |
|
|a социалистическая демократия
|
| 610 |
1 |
|
|a быт
|
| 610 |
1 |
|
|a духовная культура
|
| 610 |
1 |
|
|a личность
|
| 610 |
1 |
|
|a всестороннее развитие
|
| 686 |
|
|
|a Ю621.18я73
|2 rubbk
|
| 701 |
|
1 |
|a Федосеев
|b П. Н.
|g Петр Николаевич
|
| 701 |
|
1 |
|a Афанасьев
|b В. Г.
|
| 701 |
|
1 |
|a Брутенц
|b К. Н.
|
| 701 |
|
1 |
|a Бурлацкий
|b Ф. М.
|
| 701 |
|
1 |
|a Глезерман
|b Г. Е.
|
| 801 |
|
0 |
|a RU
|b RuMRKP
|c 19950704
|g psbo
|
| 801 |
|
1 |
|a RU
|b 63413507
|c 20150430
|
| 801 |
|
2 |
|a RU
|b 63413507
|c 20221202
|g RCR
|
| 942 |
|
|
|c BK
|